| 000 | 00512pab a2200181 454500 | ||
|---|---|---|---|
| 008 | 180718b2005 xxu||||| |||| 00| 0 eng d | ||
| 100 | _aReeves, Eoin | ||
| 245 | _aPrivatization policy and enterprise performance: the case of Ireland | ||
| 260 | _c2005 | ||
| 300 | _ap.89-107. | ||
| 362 | _aJul-Dec | ||
| 650 | _aPrivatization - Ireland | ||
| 650 | _aPublic sector - Ireland | ||
| 650 | _aPublic sector | ||
| 700 | _aPalcic, Donal | ||
| 773 | _aJournal of Institute of Public Enterprise | ||
| 909 | _a69863 | ||
| 999 |
_c69863 _d69863 |
||